[Event "FICGS rapid E 000042 email"]
[Site "FICGS email"]
[Date "2010.12.30"]
[Round "1"]
[White "McNabb, Sean"]
[Black "Quanter, Kirsty"]
[Result "0-1"]
[WhiteElo "748"]
[BlackElo "1106"]
[PlyCount "54"]
[EventDate "2010.??.??"]
[EventType "tourn (rapid)"]
[EventRounds "6"]
[SourceTitle "Corr 2013"]
[Source "ChessBase"]
[SourceDate "2012.11.12"]
[SourceVersion "1"]
[SourceVersionDate "2012.11.12"]
[SourceQuality "1"]

1. e4 c5 2. Nf3 d5 3. exd5 Qxd5 4. Nc3 Qe6+ 5. Be2 Nc6 6. 0-0 a6 7. Bd3 Nf6 8. Re1 Qd6 9. b3 e6 10. Bb2 Be7 11. Ne4 Nxe4 12. Bxe4 0-0 13. d4 Rd8 14. c3 cxd4 15. cxd4 Bf6 16. Qd2 Nxd4 17. Nxd4 e5 18. Qa5 exd4 19. Rac1 g6 20. g3 Re8 21. Bg2 Rxe1+ 22. Rxe1 Bf5 23. Bxb7 Rb8 24. Qxa6 Qxa6 25. Bxa6 Ra8 26. Bc4 Rxa2 27. Re8+ Kg7 0-1

[Event "FICGS rapid E 000042 email"]
[Site "FICGS email"]
[Date "2010.12.30"]
[Round "1"]
[White "Melquiades, Jaime I"]
[Black "McNabb, Sean"]
[Result "1-0"]
[WhiteElo "980"]
[BlackElo "748"]
[PlyCount "29"]
[EventDate "2010.??.??"]
[EventType "tourn (rapid)"]
[EventRounds "6"]
[SourceTitle "Corr 2013"]
[Source "ChessBase"]
[SourceDate "2012.11.12"]
[SourceVersion "1"]
[SourceVersionDate "2012.11.12"]
[SourceQuality "1"]

1. e4 c5 2. Nf3 Nc6 3. Bb5 d6 4. Nc3 Nf6 5. d3 g6 6. Bg5 Bg7 7. e5 dxe5 8. Nxe5 0-0 9. Bxf6 Nxe5 10. Bxg7 Kxg7 11. Qe2 Qd6 12. 0-0-0 Bg4 13. f3 Bf5 14. Rhe1 f6 15. d4 1-0

[Event "FICGS class G 000032 email"]
[Site "FICGS email"]
[Date "2009.07.03"]
[Round "1"]
[White "Barradas, Anderson"]
[Black "McNabb, Sean"]
[Result "1-0"]
[WhiteElo "1180"]
[BlackElo "1072"]
[PlyCount "57"]
[EventDate "2009.??.??"]
[EventType "tourn (corr)"]
[EventRounds "4"]
[SourceTitle "Corr 2022"]
[Source "ChessBase"]
[SourceDate "2021.10.24"]
[SourceVersion "1"]
[SourceVersionDate "2021.10.24"]
[SourceQuality "1"]

1. e4 c5 2. Nf3 Nc6 3. d4 e6 4. dxc5 Bxc5 5. Bb5 a6 6. Bxc6 bxc6 7. 0-0 Ne7 8. Nc3 0-0 9. Re1 f5 10. a3 Qb6 11. Qd2 fxe4 12. Nxe4 d5 13. Nxc5 Qxc5 14. b4 Qd6 15. c4 c5 16. bxc5 Qxc5 17. cxd5 Nxd5 18. Re5 Qc3 19. Qxc3 Nxc3 20. Bb2 Ne2+ 21. Rxe2 Rf5 22. Nd4 Rf6 23. Nc6 e5 24. Nxe5 Rb8 25. Nd3 Rd6 26. Be5 Rb1+ 27. Rxb1 Rxd3 28. a4 Bf5 29. Rc1 1-0

[Event "FICGS class G 000031 email"]
[Site "FICGS email"]
[Date "2009.06.15"]
[Round "1"]
[White "Dotti Contra, Alessandro"]
[Black "McNabb, Sean"]
[Result "1-0"]
[WhiteElo "949"]
[BlackElo "967"]
[PlyCount "51"]
[EventDate "2009.??.??"]
[EventType "tourn (corr)"]
[EventRounds "4"]
[SourceTitle "Corr 2022"]
[Source "ChessBase"]
[SourceDate "2021.10.24"]
[SourceVersion "1"]
[SourceVersionDate "2021.10.24"]
[SourceQuality "1"]

1. e4 c5 2. Nf3 Nc6 3. Nc3 d6 4. Bb5 g6 5. 0-0 Bg7 6. d3 Nf6 7. Bg5 0-0 8. d4 cxd4 9. Nxd4 Nxe4 10. Nxe4 Nxd4 11. Qxd4 Bxd4 12. c3 Bf6 13. Bh6 Bg7 14. Bg5 h6 15. Bh4 Bd7 16. Bd3 d5 17. Nc5 g5 18. Bg3 e6 19. b4 Bxc3 20. Rab1 b6 21. Nb7 Qc8 22. Ba6 b5 23. Nc5 Qc6 24. Bb7 Qb6 25. Bxa8 Bc6 26. Bxc6 1-0

[Event "FICGS class G 000030 email"]
[Site "FICGS email"]
[Date "2009.04.18"]
[Round "1"]
[White "Marcel, Alexis"]
[Black "McNabb, Sean"]
[Result "1-0"]
[WhiteElo "1067"]
[BlackElo "878"]
[PlyCount "53"]
[EventDate "2009.??.??"]
[EventType "tourn (corr)"]
[EventRounds "4"]
[SourceTitle "Corr 2022"]
[Source "ChessBase"]
[SourceDate "2021.10.24"]
[SourceVersion "1"]
[SourceVersionDate "2021.10.24"]
[SourceQuality "1"]

1. f4 d5 2. Nf3 Nc6 3. b3 Bf5 4. Bb2 Nf6 5. e3 e6 6. Be2 Bb4 7. 0-0 0-0 8. a3 Bd6 9. b4 a6 10. Nc3 Ne4 11. Nxe4 Bxe4 12. d3 Bf5 13. Qe1 Re8 14. Qg3 g6 15. Ng5 h6 16. Nh3 e5 17. fxe5 Bxe5 18. Bxe5 Nxe5 19. Nf4 g5 20. Bf3 Nxf3+ 21. Rxf3 Qd7 22. Raf1 Bg4 23. R3f2 gxf4 24. Rxf4 h5 25. h3 f5 26. hxg4 hxg4 27. Rxf5 1-0

[Event "FICGS class G 000030 email"]
[Site "FICGS email"]
[Date "2009.04.18"]
[Round "1"]
[White "McNabb, Sean"]
[Black "Belaz, Egidio"]
[Result "0-1"]
[WhiteElo "878"]
[BlackElo "1189"]
[PlyCount "58"]
[EventDate "2009.??.??"]
[EventType "tourn (corr)"]
[EventRounds "4"]
[SourceTitle "Corr 2022"]
[Source "ChessBase"]
[SourceDate "2021.10.24"]
[SourceVersion "1"]
[SourceVersionDate "2021.10.24"]
[SourceQuality "1"]

1. d4 d5 2. c4 Nf6 3. Nc3 e6 4. e3 Bb4 5. Nf3 0-0 6. Bd3 Ne4 7. Bd2 Nf6 8. 0-0 dxc4 9. Bxc4 Nc6 10. a3 Bd6 11. a4 a5 12. Nb5 b6 13. Nxd6 Qxd6 14. Bc3 Ne4 15. d5 Nxc3 16. bxc3 Ne5 17. Nxe5 Qxe5 18. Qd4 Qxd4 19. cxd4 exd5 20. Bxd5 Rb8 21. Rac1 Bb7 22. Bxb7 Rxb7 23. Rc6 Rd8 24. Rfc1 Rc8 25. d5 b5 26. d6 bxa4 27. Rxc7 Rbxc7 28. Rxc7 Rb8 29. d7 Rb1+ 0-1

[Event "FICGS class G 000030 email"]
[Site "FICGS email"]
[Date "2009.04.18"]
[Round "1"]
[White "Neil, Charles"]
[Black "McNabb, Sean"]
[Result "0-1"]
[WhiteElo "1160"]
[BlackElo "878"]
[PlyCount "48"]
[EventDate "2009.??.??"]
[EventType "tourn (corr)"]
[EventRounds "4"]
[SourceTitle "Corr 2022"]
[Source "ChessBase"]
[SourceDate "2021.10.24"]
[SourceVersion "1"]
[SourceVersionDate "2021.10.24"]
[SourceQuality "1"]

1. d4 Nf6 2. c4 e6 3. Nf3 Bb4+ 4. Nbd2 0-0 5. a3 Bxd2+ 6. Bxd2 b6 7. e3 Bb7 8. Bd3 d5 9. 0-0 Nc6 10. b4 dxc4 11. Bxc4 Ne4 12. Qb3 Qe7 13. Rac1 Nxd2 14. Nxd2 Rad8 15. Nf3 Qf6 16. Rfd1 Ne7 17. Ne5 a5 18. bxa5 Rd6 19. a6 Bd5 20. Bxd5 Nxd5 21. Rc6 Qe7 22. Rdc1 Rfd8 23. Rxc7 Nxc7 24. Qb5 Nxb5 0-1

[Event "FICGS rapid E 000013 email"]
[Site "FICGS email"]
[Date "2009.03.21"]
[Round "1"]
[White "Cornacchio, Patrick"]
[Black "McNabb, Sean"]
[Result "0-1"]
[WhiteElo "1242"]
[BlackElo "878"]
[PlyCount "24"]
[EventDate "2009.??.??"]
[EventType "tourn (rapid)"]
[EventRounds "6"]
[SourceTitle "Corr 2022"]
[Source "ChessBase"]
[SourceDate "2021.10.24"]
[SourceVersion "1"]
[SourceVersionDate "2021.10.24"]
[SourceQuality "1"]

1. e4 c5 2. d4 cxd4 3. c3 e6 4. cxd4 Bb4+ 5. Nc3 d5 6. exd5 exd5 7. Qa4+ Nc6 8. Bf4 Nf6 9. Bb5 Qe7+ 10. Be5 0-0 11. Nf3 Nxd4 12. Nxd4 Qxe5+ 0-1

[Event "FICGS class G 000029 email"]
[Site "FICGS email"]
[Date "2009.03.21"]
[Round "1"]
[White "McNabb, Sean"]
[Black "Frame, Jeremy"]
[Result "1-0"]
[WhiteElo "878"]
[BlackElo "1115"]
[PlyCount "73"]
[EventDate "2009.??.??"]
[EventType "tourn (corr)"]
[EventRounds "4"]
[SourceTitle "Corr 2022"]
[Source "ChessBase"]
[SourceDate "2021.10.24"]
[SourceVersion "1"]
[SourceVersionDate "2021.10.24"]
[SourceQuality "1"]

1. d4 d5 2. c4 c6 3. Nc3 Nf6 4. e3 Bf5 5. Nf3 Nbd7 6. Bd3 e6 7. 0-0 Be7 8. Qb3 Qc8 9. Bxf5 exf5 10. c5 b6 11. cxb6 axb6 12. Ne5 0-0 13. Re1 Qc7 14. Na4 Nxe5 15. dxe5 Nd7 16. Bd2 Nc5 17. Qxb6 Qxb6 18. Nxb6 Rab8 19. Nd7 Rfd8 20. Nxb8 Rxb8 21. b3 g5 22. Bc3 Ne4 23. Bd4 c5 24. Bb2 c4 25. Red1 c3 26. Bc1 Bb4 27. Rxd5 Rc8 28. Rb5 Be7 29. b4 f4 30. Rb7 fxe3 31. Bxe3 Bf8 32. b5 c2 33. b6 Bg7 34. Rc7 Bxe5 35. Rxc8+ Kg7 36. Rc1 Nd6 37. R8xc2 1-0

[Event "FICGS class G 000029 email"]
[Site "FICGS email"]
[Date "2009.03.21"]
[Round "1"]
[White "Neil, Charles"]
[Black "McNabb, Sean"]
[Result "0-1"]
[WhiteElo "1160"]
[BlackElo "878"]
[PlyCount "56"]
[EventDate "2009.??.??"]
[EventType "tourn (corr)"]
[EventRounds "4"]
[SourceTitle "Corr 2022"]
[Source "ChessBase"]
[SourceDate "2021.10.24"]
[SourceVersion "1"]
[SourceVersionDate "2021.10.24"]
[SourceQuality "1"]

1. c4 e5 2. g3 Nc6 3. Nc3 Bc5 4. d3 d6 5. a3 Nf6 6. Bg2 0-0 7. Bg5 Qd7 8. Bxf6 gxf6 9. Nd5 Qf5 10. Nf3 Nd4 11. Nxc7 Rb8 12. Nxd4 Bxd4 13. e3 Bxb2 14. Rb1 Bxa3 15. Nd5 Re8 16. g4 Qg5 17. Qf3 Bxg4 18. Qxf6 h6 19. Qxg5+ hxg5 20. Nf6+ Kf8 21. Nxe8 Kxe8 22. 0-0 f5 23. Rxb7 Rxb7 24. Bxb7 f4 25. exf4 gxf4 26. Ra1 Bc5 27. Kg2 Bd4 28. Bd5 Bxa1 0-1

[Event "FICGS rapid E 000012 email"]
[Site "FICGS email"]
[Date "2009.02.24"]
[Round "1"]
[White "Marin, John"]
[Black "McNabb, Sean"]
[Result "1-0"]
[WhiteElo "1100"]
[BlackElo "835"]
[PlyCount "25"]
[EventDate "2009.??.??"]
[EventType "tourn (rapid)"]
[EventRounds "6"]
[SourceTitle "Corr 2022"]
[Source "ChessBase"]
[SourceDate "2021.10.24"]
[SourceVersion "1"]
[SourceVersionDate "2021.10.24"]
[SourceQuality "1"]

1. e4 c5 2. Nf3 Nc6 3. d4 cxd4 4. Nxd4 Qa5+ 5. Nc3 e6 6. Be2 Nf6 7. 0-0 Bc5 8. Nb3 Bxf2+ 9. Rxf2 Qe5 10. Bf4 Nxe4 11. Bxe5 Nxf2 12. Qd6 Nxe5 13. Qxe5 1-0

[Event "FICGS rapid E 000006 email"]
[Site "FICGS email"]
[Date "2008.10.30"]
[Round "1"]
[White "Pipac, Darko"]
[Black "McNabb, Sean"]
[Result "0-1"]
[WhiteElo "1282"]
[BlackElo "807"]
[PlyCount "50"]
[EventDate "2008.??.??"]
[EventType "tourn (rapid)"]
[EventRounds "6"]
[SourceTitle "Corr 2022"]
[Source "ChessBase"]
[SourceDate "2021.10.24"]
[SourceVersion "1"]
[SourceVersionDate "2021.10.24"]
[SourceQuality "1"]

1. e4 c5 2. Nf3 Nc6 3. Bb5 a6 4. Bxc6 bxc6 5. Nc3 d5 6. 0-0 Bg4 7. h3 Bh5 8. d4 e6 9. exd5 cxd5 10. dxc5 Bxc5 11. Re1 Nf6 12. Bg5 0-0 13. Qd2 Bxf3 14. gxf3 Qb6 15. b3 Rac8 16. Na4 Qb4 17. Re2 Qxd2 18. Rxd2 Bd6 19. Bxf6 gxf6 20. Nb6 Rc3 21. Nd7 Rfc8 22. Nxf6+ Kh8 23. Rc1 Rxf3 24. Ng4 Rxh3 25. Rd3 Rxd3 0-1

[Event "FICGS class G 000024 email"]
[Site "FICGS email"]
[Date "2008.10.22"]
[Round "1"]
[White "McNabb, Sean"]
[Black "Frame, Jeremy"]
[Result "1-0"]
[WhiteElo "807"]
[BlackElo "1083"]
[PlyCount "37"]
[EventDate "2008.??.??"]
[EventType "tourn (corr)"]
[EventRounds "4"]
[SourceTitle "Corr 2022"]
[Source "ChessBase"]
[SourceDate "2021.10.24"]
[SourceVersion "1"]
[SourceVersionDate "2021.10.24"]
[SourceQuality "1"]

1. e4 e5 2. Nf3 Nf6 3. Nc3 Nc6 4. d3 Bc5 5. Be2 h6 6. 0-0 d6 7. a3 Bg4 8. Bd2 0-0 9. b4 Bb6 10. h3 Bxf3 11. Bxf3 Ne7 12. Nd5 Nexd5 13. exd5 c6 14. dxc6 bxc6 15. Bxc6 Rc8 16. Bb5 Qc7 17. c4 d5 18. c5 Bxc5 19. bxc5 1-0